India's Economic Policy Preparing for the twenty-first Century/ (Record no. 202900)

MARC details
000 -LEADER
fixed length control field 00622 a2200193 4500
005 - DATE AND TIME OF LATEST TRANSACTION
control field 20240516124234.0
010 ## - LCCN (DPL NO)
LC control number B-759071
035 ## - SYSTEM CONTROL NUMBER
System control number B-759071
037 ## - SOURCE OF ACQUISITION
Source of stock number/acquisition Gift/Unesco
082 ## - DEWEY DECIMAL CLASSIFICATION NUMBER
Classification number 330.954
100 ## - MAIN ENTRY--PERSONAL NAME
Personal name Jalan, Bimal
245 ## - TITLE STATEMENT
Title India's Economic Policy Preparing for the twenty-first Century/
Remainder of title Bimal Jalan
260 ## - PUBLICATION, DISTRIBUTION, ETC. (IMPRINT)
Place of publication, distribution, etc New Delhi
Name of publisher, distributor, etc Penguin Books India(P) Ltd.
Date of publication, distribution, etc 1996
270 ## - ADDRESS
Address 210, Chiranjiv Tower 43 Nehru Place
City New Delhi
Postal code 110019
300 ## - PHYSICAL DESCRIPTION
Extent 217p.
Dimensions 22cm (Hb)
700 ## - ADDED ENTRY--PERSONAL NAME
9 (RLIN) 66089
942 ## - ADDED ENTRY ELEMENTS (KOHA)
Institution code [OBSOLETE] dpl
Item type English Books
Source of classification or shelving scheme Dewey Decimal Classification
Classification part 330.954
Call number suffix JAL
Holdings
Withdrawn status Lost status Not for loan Collection code Home library Current library Date acquired Source of acquisition Full call number Barcode Copy number Koha item type Public note
      Non-fiction Ashok Vihar Ashok Vihar 16/05/2024 Gift/10.5.24 330.954 JAL B-759071 1 English Books Gift

© Delhi Public Library
Hit Counter
free hit counter